| 000 | 01034cam a2200325 a 4500 | ||
|---|---|---|---|
| 001 | 1528043 | ||
| 003 | OSt | ||
| 005 | 20210417103016.0 | ||
| 008 | 901019s1991 tnua 000 0 eng | ||
| 010 | _a 90071704 | ||
| 020 |
_a0962474576 : _c$21.95 |
||
| 040 |
_aeng _cDLC |
||
| 041 | _aeng | ||
| 050 | 0 | 0 |
_aQH431 _b.J296 1991 |
| 080 |
_a575 _bJ-25 |
||
| 082 | 0 | 0 |
_a573.2/1 _220 |
| 100 | 1 | _aJaroff, Leon. | |
| 245 | 1 | 4 |
_aThe new genetics / _cLeon Jaroff. |
| 260 |
_aKnoxville, Tenn. : _bWhittle Direct Books, _cc1991. |
||
| 300 |
_a73 p. :index 42 p. _bill. (some col.) ; _c26 cm. |
||
| 490 | 1 |
_aThe Grand Rounds Press, _x1053-6620 |
|
| 610 | 2 | 0 | _aHuman Genome Project. |
| 650 | 0 | _aHuman genetics. | |
| 650 | 0 | _aMedical genetics. | |
| 653 | _aგენეტიკა | ||
| 830 | 0 | _aGrand Rounds Press (Series) | |
| 906 |
_a7 _bcbc _corignew _d2 _eopcn _f19 _gy-gencatlg |
||
| 942 |
_2udc _cBK |
||
| 999 |
_c159 _d159 |
||